000 01261nam a22002417a 4500
001 6177
003 FISKH
005 20250324142248.0
008 250324b cb ||||| |||| 00| 0 eng d
020 _a9781407165448
040 _aFISKH
_beng
_cFISKH
_dFISKH
050 _aPZ7
082 _a613.0433
100 _aJessen, Christian
245 _aDr Christian's guide to you /
_cBy Dr Christian Jessen
250 _aFirst published in 2016
260 _aNew York :
_bScholastic ;
_c2016.
300 _a95 pages :
_bcolor illustrations ;
_c23 cm .
520 _a Dr Christian, TV's favourite doctor, tackles all the awkward questions head-on, helping young people grow up to be healthy in mind and body. Coping with stress Being healthy and happy Your changing body Getting active Looking after yourself Eating well Dealing with anxiety Teenage years see many changes to young people's bodies and lifestyle. In his usual frank and straightforward fashion, Dr Christian tackles all your worries about growing up stress-free and healthy. Not just facts - Dr Christian also answers real questions he's been asked in real life. Perfect for parents and their children alike!
700 _aSemple, David
_eillustrator
942 _2ddc
_cBK
_n0
999 _c6177
_d6177